Telecommunications in Africa : (Record no. 621591)

MARC details
000 -LEADER
fixed length control field 00490nam a2200193 a 4500
008 - FIXED-LENGTH DATA ELEMENTS--GENERAL INFORMATION
fixed length control field 260429s1999##################000#0#eng##
020 ## - INTERNATIONAL STANDARD BOOK NUMBER
ISBN 9780195102017
082 04 - DEWEY DECIMAL CLASSIFICATION NUMBER
Classification number 384.096
Item number NOA
100 1# - MAIN ENTRY--AUTHOR NAME
Personal name Noam, Eli M.,
245 10 - TITLE STATEMENT
Title Telecommunications in Africa :
260 ## - PUBLICATION, DISTRIBUTION, ETC. (IMPRINT)
Year of publication 1999.
300 ## - PHYSICAL DESCRIPTION
Number of Pages 315 pages
650 #0 - SUBJECT ADDED ENTRY--TOPICAL TERM
Topical Term Business & Economics.
942 ## - ADDED ENTRY ELEMENTS (KOHA)
Koha item type English Books

No items available.

Find us on the map